| 000 | 00000nam##2200000za#4500 |
| 001 | 9.615757 |
| 003 | CaOODSP |
| 005 | 20210615101255 |
| 007 | ta |
| 008 | 150406|2001||||xxc||||| f|0| 0 eng|d |
| 040 | |aCaOODSP|beng |
| 043 | |an-cn--- |
| 086 | 1 |aNH18-23/55-7E |
| 110 | 2 |aCanada Mortgage and Housing Corporation. |
| 245 | 10|aSpecial studies on 1996 census data : |bCanadian households in core housing need and spending at least half their income on shelter |
| 260 | |aOttawa - Ontario : |bCanada Mortgage and Housing Corporation |c2001. |
| 300 | |a7p. : |btables ; |c28 cm. |
| 490 | 1 |aResearch highlight. Socio-economic series|v55-7 |
| 563 | |aPamphlet |
| 590 | |a01-37|b2001-09-14 |
| 690 | 07|aCensus|2gcpds |
| 690 | 07|aHousing|2gcpds |
| 690 | 07|aIncome|2gcpds |
| 775 | 08|tÉtudes spéciales sur les données du recensement de 1996 : |w(CaOODSP)9.625781 |
| 776 | 0#|tSpecial studies on 1996 census data : |w(CaOODSP)9.571731 |
| 830 | #0|aResearch highlight. Socio-economic series ;|v55-7|w(CaOODSP)9.514827 |
| 986 | |aNHA 60975 |